[Event "AUTO-INT-1781"]
[Site "http://www.queenalice.com/game.php?id=814229"]
[Date "2010.8.6"]
[Round "1"]
[White "H3nri_AnArquiA_"]
[Black "marcosbratz"]
[Result "0-1"]
[WhiteElo "1521"]
[BlackElo "1730"]

1. e4 e5 2. Nf3 Nc6 3. c3 Nf6 4. d3 Be7 5. Bg5 O-O 6. Nbd2 d5 7. Bxf6 Bxf6 8. b4
Bg4 9. Be2 dxe4 10. Nxe4 Be7 11. O-O Bxf3 12. Bxf3 f5 13. Ng3 f4 14. Ne2 a6 15.
Bxc6 bxc6 16. d4 f3 17. Ng3 fxg2 18. Kxg2 Qd5+ 19. f3 exd4 20. cxd4 Bxb4 21. Qb3
Qxb3 22. axb3 a5 23. Rfc1 Rf6 24. Rc4 Raf8 25. Rf1 Rf4 26. Ne2 R4f6 27. Nc1 Rg6+
28. Kh1 Re8 0-1

[Event "AUTO-INT-1781"]
[Site "http://www.queenalice.com/game.php?id=814230"]
[Date "2010.8.6"]
[Round "1"]
[White "marcosbratz"]
[Black "H3nri_AnArquiA_"]
[Result "1-0"]
[WhiteElo "1722"]
[BlackElo "1529"]

1. e4 e5 2. Nf3 d6 3. d4 exd4 4. Nxd4 c5 5. Nf3 Bg4 6. Nbd2 a6 7. Be2 Be7 8. O-O
Nf6 9. Re1 O-O 10. b3 Nc6 11. Bb2 b5 12. c3 Bxf3 13. Bxf3 Ne5 14. c4 b4 15. Bxe5
dxe5 16. a3 a5 17. a4 Qd4 18. Ra2 Ne8 19. Nf1 Rd8 20. Rd2 Qc3 21. Rxd8 Bxd8 22.
Re3 Qb2 23. Qxd8 Qd4 24. Qxa5 Nf6 25. Qc7 g5 26. h3 h5 27. a5 g4 28. hxg4 hxg4
29. Be2 1-0

[Event "AUTO-INT-1783"]
[Site "http://www.queenalice.com/game.php?id=815399"]
[Date "2010.8.9"]
[Round "1"]
[White "Prof_Odair"]
[Black "H3nri_AnArquiA_"]
[Result "1-0"]
[WhiteElo "1799"]
[BlackElo "1530"]

1. e4 e5 2. Nf3 d6 3. Nc3 c6 4. d4 exd4 5. Nxd4 c5 6. Nf3 Bg4 7. Be2 a6 8. O-O
Be7 9. Nd5 Nf6 10. Nxe7 Qxe7 11. Re1 Nc6 12. a3 O-O 13. b3 Nxe4 14. Bb2 Bf5 15.
Bd3 d5 16. c4 Qd6 17. cxd5 Nxf2 18. Kxf2 Qxd5 19. Bxf5 Qxf5 20. Kg1 Rad8 21. Qe2
h6 22. Qe3 Rd3 23. Qf2 Rxb3 24. Rab1 b6 25. Qg3 f6 26. Rf1 Qc2 27. Bxf6 Rxf6 28.
Rxb3 1-0

[Event "AUTO-INT-1783"]
[Site "http://www.queenalice.com/game.php?id=815400"]
[Date "2010.8.9"]
[Round "1"]
[White "H3nri_AnArquiA_"]
[Black "Prof_Odair"]
[Result "0-1"]
[WhiteElo "1536"]
[BlackElo "1793"]

1. e4 e5 2. Nf3 Nc6 3. c3 Nf6 4. d3 d5 5. exd5 Nxd5 6. Be2 Bd6 7. Qb3 Nb6 8. Ng5
O-O 9. Qc2 h6 10. Ne4 Be7 11. Qd1 Bf5 12. f3 Bh4+ 13. g3 Be7 14. Be3 Nd5 15. Bf2
a6 16. g4 Bh7 17. c4 Nf4 18. O-O Nh3+ 19. Kg2 Nxf2 20. Rxf2 Nd4 21. Nbd2 Nxe2
22. Qxe2 Qd4 23. Nb3 Qb6 24. h3 Bh4 25. Rff1 Rad8 26. c5 Qb5 27. Qd2 Rxd3 28.
Qe2 Bxe4 0-1

[Event "AUTO-INT-1783"]
[Site "http://www.queenalice.com/game.php?id=815413"]
[Date "2010.8.9"]
[Round "1"]
[White "Givanildo"]
[Black "H3nri_AnArquiA_"]
[Result "0-1"]
[WhiteElo "1476"]
[BlackElo "1541"]

1. e4 e5 2. Bc4 c6 3. Qg4 d5 4. Qg5 Qxg5 5. exd5 Qxg2 6. dxc6 Qxh1 7. c7 Qxg1+
8. Bf1 Bc5 9. d4 Bxd4 10. Be3 Bxe3 11. fxe3 Qxe3+ 12. Be2 Nc6 13. Nd2 Nd4 14.
O-O-O Qxe2 15. c3 Nc6 16. a3 Nf6 17. Nb3 O-O 18. Nc5 Qe3+ 19. Kb1 Qxc5 20. Ka1
e4 21. Ka2 e3 22. c4 Qxc4+ 23. Ka1 e2 24. Rd8 Nxd8 25. cxd8=Q Qc1+ 26. Ka2 Qc4+
27. Ka1 e1=Q+ 28. Qd1 Qxd1# 0-1

[Event "AUTO-INT-1783"]
[Site "http://www.queenalice.com/game.php?id=815421"]
[Date "2010.8.9"]
[Round "1"]
[White "agsantos"]
[Black "H3nri_AnArquiA_"]
[Result "1-0"]
[WhiteElo "1562"]
[BlackElo "1521"]

1. e4 e5 2. Nf3 d6 3. Bc4 Be7 4. O-O c6 5. Nc3 a5 6. d4 b5 7. Bd3 Bg4 8. d5 b4
9. Na4 c5 10. Bb5+ Bd7 11. Bxd7+ Nxd7 12. c4 Ngf6 13. Qe2 O-O 14. b3 Nb6 15.
Nxb6 Qxb6 16. Nh4 Qd8 17. Nf5 Ra7 18. Bg5 Ne8 19. Bxe7 Rxe7 20. Nxe7+ Qxe7 21.
f4 exf4 22. Rxf4 Qg5 23. Raf1 f6 24. Rg4 Qe5 25. h4 Nc7 26. Rgf4 Na6 27. Qg4 Nb8
28. h5 Nd7 29. Qxd7 Qb2 30. h6 Rf7 31. Qxd6 Qxa2 32. hxg7 Qxb3 33. Rxf6 Qe3+ 34.
Kh2 Rxf6 35. Qxf6 Qxe4 36. Qf8# 1-0

[Event "AUTO-INT-1783"]
[Site "http://www.queenalice.com/game.php?id=815422"]
[Date "2010.8.9"]
[Round "1"]
[White "H3nri_AnArquiA_"]
[Black "agsantos"]
[Result "1-0"]
[WhiteElo "1502"]
[BlackElo "1581"]

1. e4 e5 2. Nf3 d6 3. c3 Nf6 4. d3 Be7 5. Bg5 O-O 6. Nbd2 Nc6 7. d4 h6 8. Bh4
Ng4 9. Bxe7 Qxe7 10. d5 Nd8 11. h3 Nf6 12. Bd3 c6 13. c4 c5 14. a3 a5 15. O-O b6
16. Bc2 a4 17. Bxa4 Bd7 18. Bxd7 Qxd7 19. b4 cxb4 20. axb4 Rxa1 21. Qxa1 b5 22.
c5 dxc5 23. bxc5 Nh5 24. Qa3 Nf4 25. Nxe5 Qe7 26. Ndf3 Ne2+ 27. Kh1 Nd4 28. Nxd4
Qxe5 29. Nxb5 Qxe4 30. c6 Qxd5 31. c7 Nc6 32. Qxf8+ Kxf8 33. c8=Q+ Nd8 34. Rc1
Ke8 35. Nc7+ Ke7 36. Nxd5+ 1-0

[Event "AUTO-INT-1788"]
[Site "http://www.queenalice.com/game.php?id=818427"]
[Date "2010.8.15"]
[Round "1"]
[White "BALASH"]
[Black "H3nri_AnArquiA_"]
[Result "1-0"]
[WhiteElo "1335"]
[BlackElo "1457"]

1. e4 e5 2. Nf3 d6 3. Bc4 Be7 4. h3 c6 5. a3 b5 6. Ba2 Na6 7. b4 Be6 8. Nc3 Bxa2
9. Nxa2 Nf6 10. d3 O-O 11. g4 Qb6 12. Be3 Qc7 13. Nh4 d5 14. Nf5 Rad8 15. Nxe7+
Qxe7 16. exd5 cxd5 17. Bxa7 Qxa7 18. O-O Qd4 19. c3 Qf4 20. Qe2 g6 21. Rae1 Rfe8
22. Nc1 h5 23. Qe3 hxg4 24. Qxf4 exf4 25. Rxe8+ Rxe8 26. Nb3 gxh3 27. f3 Kg7 28.
Nd4 Re3 29. Rd1 Nc7 30. Kf2 Nh5 31. Nc2 Re5 32. d4 1-0

[Event "AUTO-INT-1788"]
[Site "http://www.queenalice.com/game.php?id=818439"]
[Date "2010.8.15"]
[Round "1"]
[White "klebercas"]
[Black "H3nri_AnArquiA_"]
[Result "1-0"]
[WhiteElo "1545"]
[BlackElo "1436"]

1. e4 e5 2. Nf3 d6 3. Bc4 Be7 4. Nc3 Nf6 5. d3 c6 6. Be3 a5 7. Ng5 O-O 8. O-O b5
9. Bxf7+ Rxf7 10. Nxf7 Kxf7 11. f3 1-0

[Event "AUTO-INT-1788"]
[Site "http://www.queenalice.com/game.php?id=818440"]
[Date "2010.8.15"]
[Round "1"]
[White "H3nri_AnArquiA_"]
[Black "klebercas"]
[Result "0-1"]
[WhiteElo "1424"]
[BlackElo "1562"]

1. e4 e5 2. Nf3 Nc6 3. c3 Bc5 4. d4 Bd6 5. d5 Na5 6. b4 Nc4 7. Bxc4 Nf6 8. Bg5
b6 9. Nbd2 h6 10. Bh4 c6 11. Bxf6 Qxf6 12. a4 a6 0-1

[Event "Challenge"]
[Site "http://www.queenalice.com/game.php?id=821670"]
[Date "2010.8.22"]
[Round "-"]
[White "kalabric"]
[Black "H3nri_AnArquiA_"]
[Result "1-0"]
[WhiteElo "1819"]
[BlackElo "1518"]

1. e4 e5 2. Nf3 d6 3. Bc4 Be7 4. Nc3 c6 5. d4 exd4 6. Nxd4 b5 7. Bd3 Bf6 8. Nf5
g6 9. Ne3 Bxc3+ 10. bxc3 a6 11. Qf3 c5 12. c4 b4 13. Bb2 f6 14. Nd5 Be6 15.
Nxf6+ Ke7 16. Nd5+ Bxd5 17. exd5 Nd7 18. Bxh8 Ngf6 19. Bxf6+ Nxf6 20. O-O a5 21.
a3 bxa3 22. Rxa3 Qb6 23. Rfa1 Kf7 24. g4 Kg7 25. h3 Nd7 26. Kg2 Ne5 27. Qe2 Kf7
28. Qe1 1-0

[Event "AUTO-INT-1802"]
[Site "http://www.queenalice.com/game.php?id=824500"]
[Date "2010.8.28"]
[Round "1"]
[White "jarkus"]
[Black "H3nri_AnArquiA_"]
[Result "1-0"]
[WhiteElo "1582"]
[BlackElo "1473"]

1. d4 d5 2. c4 c6 3. e3 dxc4 4. Bxc4 Qa5+ 5. Bd2 Qb6 6. Bc3 e6 7. Nf3 Bb4 8. O-O
Bd6 9. Nbd2 Qd8 10. Ne4 b5 11. Be2 a5 12. Nxd6+ Qxd6 13. a3 a4 14. Bb4 Qd8 15.
Rc1 1-0

[Event "AUTO-INT-1802"]
[Site "http://www.queenalice.com/game.php?id=824501"]
[Date "2010.8.28"]
[Round "1"]
[White "H3nri_AnArquiA_"]
[Black "jarkus"]
[Result "0-1"]
[WhiteElo "1486"]
[BlackElo "1569"]

1. e4 c5 2. c3 e6 3. d4 Nf6 4. e5 Nd5 5. Bc4 Be7 6. Nf3 h6 7. Bxd5 exd5 8. Bf4
O-O 9. Nfd2 Re8 10. Qg4 d6 11. Qg3 Bh4 12. Qf3 dxe5 13. dxe5 Nc6 14. O-O Nxe5
15. Bxe5 Rxe5 0-1

[Event "AUTO-INT-1802"]
[Site "http://www.queenalice.com/game.php?id=824514"]
[Date "2010.8.28"]
[Round "1"]
[White "theodorowicz"]
[Black "H3nri_AnArquiA_"]
[Result "1-0"]
[WhiteElo "1550"]
[BlackElo "1514"]

1. e4 e5 2. h4 Be7 3. g3 Nf6 4. f3 c6 5. d3 d5 6. a3 d4 7. g4 Nfd7 8. g5 Qa5+ 9.
b4 Qc7 10. Bd2 a6 11. c3 b5 12. c4 Nb6 13. c5 Na4 14. Qc2 f6 15. Bg2 Qd8 16. f4
exf4 17. Nf3 Nd7 18. O-O O-O 19. Bxf4 fxg5 20. Bxg5 1-0

[Event "AUTO-INT-1802"]
[Site "http://www.queenalice.com/game.php?id=824515"]
[Date "2010.8.28"]
[Round "1"]
[White "H3nri_AnArquiA_"]
[Black "theodorowicz"]
[Result "0-1"]
[WhiteElo "1499"]
[BlackElo "1565"]

1. e4 e5 2. Nf3 d6 3. c3 f6 4. d4 c6 5. Bd3 b5 6. Nfd2 h5 7. Qf3 g5 8. O-O Bg4
9. Qe3 h4 10. Be2 Nh6 11. Bxg4 Nxg4 12. Qe2 Qd7 13. h3 Nh6 14. Qh5+ Kd8 15. b4
Bg7 16. Nb3 Nf7 17. Qg6 Rg8 18. Qh7 Qe8 19. Na5 Qf8 20. Qf5 Nh6 21. Qe6 Nf7 0-1

[Event "AUTO-INT-1802"]
[Site "http://www.queenalice.com/game.php?id=824524"]
[Date "2010.8.28"]
[Round "1"]
[White "H3nri_AnArquiA_"]
[Black "rodrigomni"]
[Result "1-0"]
[WhiteElo "1509"]
[BlackElo "1382"]

1. e4 e5 2. Nf3 Nc6 3. c3 Nf6 4. d3 h6 5. Be3 a6 6. Nbd2 d6 7. d4 exd4 8. Nxd4
Bg4 9. Be2 d5 10. Bxg4 h5 11. Bh3 g6 12. Bg5 Be7 13. Nxc6 Qd6 14. Nxe7 Qxe7 15.
O-O Qe5 16. Nf3 Qe7 17. e5 1-0

[Event "AUTO-INT-1802"]
[Site "http://www.queenalice.com/game.php?id=824525"]
[Date "2010.8.28"]
[Round "1"]
[White "rodrigomni"]
[Black "H3nri_AnArquiA_"]
[Result "0-1"]
[WhiteElo "1371"]
[BlackElo "1520"]

1. e4 e5 2. Qh5 d6 3. Bc4 g6 4. Qf3 Qf6 5. d3 Qxf3 6. Nxf3 Be7 7. Nc3 c6 8. Be3
a5 9. a4 Nf6 10. Ng5 O-O 11. h3 d5 12. exd5 cxd5 13. Bb5 d4 14. Bxd4 exd4 15.
Ne2 Nd5 16. Ne4 f5 17. N4g3 Bb4+ 18. c3 dxc3 19. bxc3 Nxc3 20. Nxc3 Bxc3+ 0-1